One day I will write about this place (Record no. 1430)
| 000 -LEADER | |
|---|---|
| fixed length control field | 00605nam a22001937a 4500 |
| 003 - CONTROL NUMBER IDENTIFIER | |
| control field | OSt |
| 005 - DATE AND TIME OF LATEST TRANSACTION | |
| control field | 20141110044326.0 |
| 008 - FIXED-LENGTH DATA ELEMENTS--GENERAL INFORMATION | |
| fixed length control field | 141105b xxu||||| |||| 00| 0 eng d |
| 020 ## - INTERNATIONAL STANDARD BOOK NUMBER | |
| International Standard Book Number | 9781555975913 |
| 050 ## - LIBRARY OF CONGRESS CALL NUMBER | |
| Classification number | PR9381.9.W25 Z46 2012 |
| 100 ## - MAIN ENTRY--PERSONAL NAME | |
| Personal name | Wainaina, Binyavanga. |
| 245 ## - TITLE STATEMENT | |
| Title | One day I will write about this place |
| Statement of responsibility, etc | Binyavanga Wainaina. |
| 260 ## - PUBLICATION, DISTRIBUTION, ETC. (IMPRINT) | |
| Place of publication, distribution, etc | Minneapolis, Minnesota |
| Name of publisher, distributor, etc | Graywolf Press |
| Date of publication, distribution, etc | 2011 |
| 300 ## - PHYSICAL DESCRIPTION | |
| Extent | 256p. |
| Other physical details | 24cm. |
| 650 ## - SUBJECT ADDED ENTRY--TOPICAL TERM | |
| Topical term or geographic name as entry element | Wainaina, Binyavanga. |
| 650 ## - SUBJECT ADDED ENTRY--TOPICAL TERM | |
| Topical term or geographic name as entry element | Authors, Kenyan--21st century--Biography. |
| 650 ## - SUBJECT ADDED ENTRY--TOPICAL TERM | |
| Topical term or geographic name as entry element | Kenya--Social life and customs--20th century. |
| 942 ## - ADDED ENTRY ELEMENTS (KOHA) | |
| Source of classification or shelving scheme | |
| Koha item type | Book |
| Withdrawn status | Lost status | Source of classification or shelving scheme | Damaged status | Not for loan | Home library | Current library | Shelving location | Date acquired | Total Checkouts | Total Renewals | Full call number | Barcode | Checked out | Date last seen | Date checked out | Copy number | Price effective from | Koha item type |
|---|---|---|---|---|---|---|---|---|---|---|---|---|---|---|---|---|---|---|
| Riara University Library | Riara University Library | General stack | 10/11/2014 | 17 | 2 | PR9381.9.W25 Z46 2012 | 4987/14 | 17/02/2021 | 01/02/2021 | 01/02/2021 | C.1 | 10/11/2014 | Book |
